साहित्यदर्पण, हिंदी व्या0, सत्यव्रतसिंह एवं शशिकला (Record no. 99911)

MARC details
000 -LEADER
fixed length control field 00961nam a2200265Ia 4500
003 - CONTROL NUMBER IDENTIFIER
control field OSt
005 - DATE AND TIME OF LATEST TRANSACTION
control field 20220916110852.0
008 - FIXED-LENGTH DATA ELEMENTS--GENERAL INFORMATION
fixed length control field 220915b |||||||| |||| 00| 0 hin d
037 ## - SOURCE OF ACQUISITION
Terms of availability Textbook
040 ## - CATALOGING SOURCE
Language of cataloging hin
Original cataloging agency ARTS
Transcribing agency ARTS
041 ## - LANGUAGE CODE
Language code of text/sound track or separate title hin
100 ## - MAIN ENTRY--PERSONAL NAME
Personal name विश्वनाथ
245 #0 - TITLE STATEMENT
Title साहित्यदर्पण, हिंदी व्या0, सत्यव्रतसिंह एवं शशिकला
246 ## - VARYING FORM OF TITLE
Title proper/short title Sāhityadarpaṇa, hiandī vyā0, satyavratasianha evan shashikalā
260 ## - PUBLICATION, DISTRIBUTION, ETC.
Date of publication, distribution, etc. 1957
300 ## - PHYSICAL DESCRIPTION
Extent 900पण्
Dimensions cm.
490 ## - SERIES STATEMENT
Series statement विद्याभवन संस्कृत ग्रंथमाला; 29
650 ## - SUBJECT ADDED ENTRY--TOPICAL TERM
Topical term or geographic name entry element हिन्दी साहित्य
942 ## - ADDED ENTRY ELEMENTS (KOHA)
Classification part O15:gxH35,1, 152J7(TTPS)
Koha item type Textbook
Source of classification or shelving scheme Colon Classification (CC)
Holdings
Withdrawn status Lost status Damaged status Not for loan Home library Current library Date acquired Total Checkouts Full call number Barcode Date last seen Price effective from Koha item type
        Arts Library Arts Library 2022-09-16   O15:gxH35,1 152J7(TTPS) AL0169373 2022-09-16 2022-09-16 Textbook
Copyright @ Delhi University Library System